Kỹ thuật trồng một số cây ăn quả và cây đặc sản ở vùng núi thấp

সংরক্ষণ করুন:
গ্রন্থ-পঞ্জীর বিবরন
প্রধান লেখক: Cục Khuyến nông và Khuyến lâm
বিন্যাস: গ্রন্থ
ভাষা:Undetermined
প্রকাশিত: H. Nông nghiệp 2002
বিষয়গুলি:
ট্যাগগুলো: ট্যাগ যুক্ত করুন
কোনো ট্যাগ নেই, প্রথমজন হিসাবে ট্যাগ করুন!
Thư viện lưu trữ: Trung tâm Học liệu Trường Đại học Cần Thơ
LEADER 00625nam a2200193Ia 4500
001 CTU_54740
008 210402s9999 xx 000 0 und d
020 |b 12500 
082 |a 634 
082 |b C506 
100 |a Cục Khuyến nông và Khuyến lâm 
245 0 |a Kỹ thuật trồng một số cây ăn quả và cây đặc sản ở vùng núi thấp 
245 0 |c Cục Khuyến nông và Khuyến lâm 
260 |a H. 
260 |b Nông nghiệp 
260 |c 2002 
650 |a fruit trees 
650 |x planting 
980 |a Trung tâm Học liệu Trường Đại học Cần Thơ